East of these golden shores; (Record no. 18365)
[ view plain ]
| 000 -LEADER | |
|---|---|
| fixed length control field | 00986cam a2200277 4500 |
| 001 - CONTROL NUMBER | |
| control field | 3146779 |
| 005 - DATE AND TIME OF LATEST TRANSACTION | |
| control field | 20161217084939.0 |
| 008 - FIXED-LENGTH DATA ELEMENTS--GENERAL INFORMATION | |
| fixed length control field | 711222s1971 caua b 000 0 eng |
| 010 ## - LIBRARY OF CONGRESS CONTROL NUMBER | |
| LC control number | 73175896 |
| 020 ## - INTERNATIONAL STANDARD BOOK NUMBER | |
| International Standard Book Number | 0912020180 |
| -- | 0912020148 (pbk.) |
| 040 ## - CATALOGING SOURCE | |
| Original cataloging agency | DLC |
| Transcribing agency | DLC |
| Modifying agency | DLC |
| 043 ## - GEOGRAPHIC AREA CODE | |
| Geographic area code | n-us-ca |
| 050 00 - LIBRARY OF CONGRESS CALL NUMBER | |
| Classification number | NA730.C22 |
| Item number | C62 1971 |
| 100 1# - MAIN ENTRY--PERSONAL NAME | |
| Personal name | Bohn, Dave. |
| 245 10 - TITLE STATEMENT | |
| Title | East of these golden shores; |
| Remainder of title | architecture of the earlier days in Contra Costa and Alameda Counties. |
| 260 ## - PUBLICATION, DISTRIBUTION, ETC. (IMPRINT) | |
| Place of publication, distribution, etc. | [Oakland, Calif.] |
| Name of publisher, distributor, etc. | Junior League of Oakland |
| Date of publication, distribution, etc. | [1971] |
| 300 ## - PHYSICAL DESCRIPTION | |
| Extent | 124, [4] p. |
| Other physical details | illus. |
| Dimensions | 26 cm. |
| 504 ## - BIBLIOGRAPHY, ETC. NOTE | |
| Bibliography, etc | Bibliography: p. [127] |
| 650 #0 - SUBJECT ADDED ENTRY--TOPICAL TERM | |
| Topical term or geographic name as entry element | Architecture |
| Geographic subdivision | California |
| -- | Contra Costa County. |
| 650 #0 - SUBJECT ADDED ENTRY--TOPICAL TERM | |
| Topical term or geographic name as entry element | Architecture |
| Geographic subdivision | California |
| -- | Alameda County. |
| 710 2# - ADDED ENTRY--CORPORATE NAME | |
| Corporate name or jurisdiction name as entry element | Junior League of Oakland-East Bay. |
| 942 ## - ADDED ENTRY ELEMENTS (KOHA) | |
| Source of classification or shelving scheme | |
| Koha item type | Hard Covered Materials |
| Classification part | NA730.C22 C62 1971 |
| Withdrawn status | Lost status | Source of classification or shelving scheme | Damaged status | Not for loan | Home library | Current library | Shelving location | Date acquired | Source of acquisition | Total Checkouts | Full call number | Barcode | Date last seen | Price effective from | Koha item type |
|---|---|---|---|---|---|---|---|---|---|---|---|---|---|---|---|
| MACHAKOS UNIVERSITY LIBRARY | MACHAKOS UNIVERSITY LIBRARY | Technical section | 17/12/2016 | Donation(B.F.A) | NA730.C22 C62 1971 | 29221 | 24/07/2018 | 17/12/2016 | Hard Covered Materials |